[Event "EU-ch (Men) 11th"]
[Site "Rijeka"]
[Date "2010.03.08"]
[Round "3.137"]
[White "Yilmaz, Mustafa"]
[Black "Bente, Bjoern"]
[Result "1/2-1/2"]
[WhiteElo "2468"]
[BlackElo "2245"]
[PlyCount "85"]
[EventDate "2010.03.06"]
[EventType "swiss"]
[EventRounds "11"]
[EventCountry "CRO"]
[SourceDate "2010.03.06"]

1. e4 c6 2. Ne2 d5 3. e5 Bf5 4. Ng3 Bg6 5. h4 h6 6. h5 Bh7 7. e6 fxe6 8. d4 e5
9. dxe5 e6 10. Bd3 Bxd3 11. Qxd3 Qc7 12. f4 Bc5 13. Nc3 Ne7 14. Bd2 Nd7 15.
O-O-O O-O-O 16. Rhf1 Nb6 17. b3 Bb4 18. Rde1 Nd7 19. Kb2 Qa5 20. Nb1 Nc5 21.
Qd4 Bxd2 22. Nxd2 Rhf8 23. Kb1 Ne4 24. Ndxe4 dxe4 25. Qa4 Qxa4 26. bxa4 Nd5 27.
f5 Nc3+ 28. Kc1 Rd5 29. f6 gxf6 30. Rxf6 Rxf6 31. exf6 Kd7 32. Nxe4 Nxe4 33.
Rxe4 Rxh5 34. f7 Rf5 35. Rb4 b6 36. a5 b5 37. Rh4 Rxf7 38. Rxh6 Rg7 39. Rh3 Kc7
40. Re3 Rxg2 41. Rxe6 Kb7 42. Re7+ Ka6 43. Rc7 1/2-1/2

[Event "EU-ch (Men) 11th"]
[Site "Rijeka"]
[Date "2010.03.08"]
[Round "3.138"]
[White "Tassopoulos, Marios"]
[Black "Neubauer, Martin"]
[Result "0-1"]
[WhiteElo "2245"]
[BlackElo "2465"]
[PlyCount "44"]
[EventDate "2010.03.06"]
[EventType "swiss"]
[EventRounds "11"]
[EventCountry "CRO"]
[SourceDate "2010.03.06"]

1. e4 c5 2. Nf3 d6 3. d4 cxd4 4. Nxd4 Nf6 5. Nc3 g6 6. Be3 Bg7 7. f3 Nc6 8. Qd2
O-O 9. O-O-O d5 10. Qe1 e5 11. Nxc6 bxc6 12. exd5 Nxd5 13. Bc4 Be6 14. Ne4 Qc7
15. Bc5 Rfd8 16. g4 Nf4 17. Rxd8+ Rxd8 18. Bxe6 Nxe6 19. Qc3 Rd5 20. Rd1 f5 21.
gxf5 gxf5 22. Rxd5 cxd5 0-1

[Event "EU-ch (Men) 11th"]
[Site "Rijeka"]
[Date "2010.03.08"]
[Round "3.139"]
[White "Doric, Darko"]
[Black "Neagos, Raul Alexandru"]
[Result "1-0"]
[WhiteElo "2464"]
[BlackElo "2110"]
[PlyCount "69"]
[EventDate "2010.03.06"]
[EventType "swiss"]
[EventRounds "11"]
[EventCountry "CRO"]
[SourceDate "2010.03.06"]

1. d4 Nf6 2. Bg5 e6 3. Nd2 h6 4. Bh4 Nc6 5. e3 b6 6. Ngf3 Bb7 7. c3 d6 8. Bxf6
gxf6 9. Bd3 f5 10. g3 Be7 11. Qe2 a6 12. O-O-O Qd7 13. Rhe1 d5 14. Kb1 Bd6 15.
Rc1 f6 16. a3 b5 17. b4 Ne7 18. Nh4 a5 19. Qh5+ Kd8 20. Nb3 axb4 21. axb4 Bc6
22. Kb2 Nc8 23. Nc5 Bxc5 24. dxc5 Qg7 25. Nf3 Be8 26. Nd4 Qe7 27. Qh4 c6 28.
Ra1 Rxa1 29. Rxa1 Kc7 30. Ra6 Kb7 31. Bxb5 cxb5 32. Rxe6 Qf7 33. Qf4 Ka7 34.
Qxf5 Bd7 35. Rxf6 1-0

[Event "EU-ch (Men) 11th"]
[Site "Rijeka"]
[Date "2010.03.08"]
[Round "3.141"]
[White "Kalegin, Evgenij"]
[Black "Spika, Ivica"]
[Result "1-0"]
[WhiteElo "2456"]
[BlackElo "2086"]
[PlyCount "53"]
[EventDate "2010.03.06"]
[EventType "swiss"]
[EventRounds "11"]
[EventCountry "CRO"]
[SourceDate "2010.03.06"]

1. e4 c5 2. Nf3 d6 3. c3 Nf6 4. h3 Nc6 5. Bd3 g6 6. O-O Bg7 7. Bc2 O-O 8. d4
cxd4 9. cxd4 Qa5 10. Nc3 e5 11. Be3 Nh5 12. Ne2 f5 13. exf5 gxf5 14. Bb3+ Kh8
15. Ng5 Nd8 16. dxe5 dxe5 17. Rc1 h6 18. Nf3 Nc6 19. Nh4 Rf6 20. Nc3 Nf4 21.
Bxf4 exf4 22. Re1 Ne5 23. Rxe5 Qxe5 24. Qd8+ Bf8 25. Nd5 Kg7 26. Nxf6 Qxf6 27.
Rc7+ 1-0

[Event "EU-ch (Men) 11th"]
[Site "Rijeka"]
[Date "2010.03.08"]
[Round "3.142"]
[White "Bar, Aviv"]
[Black "Womacka, Mathias"]
[Result "0-1"]
[WhiteElo "2022"]
[BlackElo "2452"]
[PlyCount "110"]
[EventDate "2010.03.06"]
[EventType "swiss"]
[EventRounds "11"]
[EventCountry "CRO"]
[SourceDate "2010.03.06"]

1. Nf3 c5 2. c4 Nf6 3. Nc3 e6 4. g3 b6 5. Bg2 Bb7 6. O-O Be7 7. d4 cxd4 8. Qxd4
d6 9. Bg5 a6 10. Bxf6 Bxf6 11. Qf4 O-O 12. Rad1 Be7 13. e4 Qc7 14. e5 dxe5 15.
Qxe5 Qxc4 16. Nd2 Qc8 17. Nde4 Nc6 18. Qh5 Qc7 19. Rd2 Rad8 20. Rfd1 h6 21. Qe2
Rxd2 22. Rxd2 Rd8 23. Rxd8+ Qxd8 24. Kf1 Qd4 25. Qd2 Kf8 26. Qf4 Ne5 27. Qd2
Qxd2 28. Nxd2 Bxg2+ 29. Kxg2 Nd3 30. Nd1 Bf6 31. b3 Ke7 32. Kf1 Nc1 33. a4 Bd4
34. Ne3 f5 35. Nc2 Bc3 36. Nb1 Bf6 37. b4 Kd6 38. Ke1 Kd5 39. Kd2 Nb3+ 40. Kd3
Nc1+ 41. Kd2 Na2 42. Kd3 Be7 43. Nc3+ Nxc3 44. Kxc3 Ke4 45. Kc4 Bf6 46. Ne1 g5
47. b5 a5 48. h3 h5 49. Nd3 Kf3 50. Nc5 bxc5 51. b6 Kxf2 52. b7 Be5 53. Kxc5
Bb8 54. Kb6 e5 55. Kxa5 e4 0-1

[Event "EU-ch (Men) 11th"]
[Site "Rijeka"]
[Date "2010.03.08"]
[Round "3.143"]
[White "Potapov, Alexander"]
[Black "Gradiser, Dragoljub"]
[Result "1-0"]
[WhiteElo "2446"]
[BlackElo "1964"]
[PlyCount "119"]
[EventDate "2010.03.06"]
[EventType "swiss"]
[EventRounds "11"]
[EventCountry "CRO"]
[SourceDate "2010.03.06"]

1. d4 e6 2. c4 Nf6 3. Nc3 d5 4. Bg5 Be7 5. e3 c6 6. Nf3 Nbd7 7. Bd3 h6 8. Bh4
Qc7 9. O-O b6 10. cxd5 exd5 11. Rc1 Qb8 12. e4 dxe4 13. Nxe4 Bb7 14. Bg3 Qd8
15. Nd6+ Bxd6 16. Bxd6 Nf8 17. Ba3 Ne6 18. Ne5 Rc8 19. Re1 Qxd4 20. Nxf7 Kxf7
21. Rxe6 c5 22. Qe2 Rhe8 23. Re3 Rxe3 24. fxe3 Qe5 25. b3 Re8 26. Re1 Kg8 27.
Bb2 Qg5 28. Bc4+ Kh8 29. Qf2 Bd5 30. h3 Be4 31. Kh2 Rf8 32. Qg3 Qxg3+ 33. Kxg3
Nh5+ 34. Kh2 Rf2 35. Re2 Rxe2 36. Bxe2 Nf6 37. Bf3 b5 38. Be2 a6 39. Ba3 b4 40.
Bb2 a5 41. Bc4 Bb1 42. a3 Be4 43. axb4 axb4 44. Kg3 Nd5 45. Kf2 Nb6 46. Be6 Bd5
47. Bxd5 Nxd5 48. Ke2 Kg8 49. Kd3 Kf7 50. Be5 Nb6 51. Bc7 Nd7 52. Kc4 Ke6 53.
Bh2 h5 54. Bc7 g6 55. Bf4 g5 56. Bxg5 Kd6 57. Kb5 Nf8 58. e4 Ke5 59. Kxc5 Kxe4
60. Kxb4 1-0

[Event "EU-ch (Men) 11th"]
[Site "Rijeka"]
[Date "2010.03.08"]
[Round "3.144"]
[White "Partys, Petr"]
[Black "Zufic, Miroslav"]
[Result "0-1"]
[WhiteElo "1977"]
[BlackElo "2445"]
[PlyCount "42"]
[EventDate "2010.03.06"]
[EventType "swiss"]
[EventRounds "11"]
[EventCountry "CRO"]
[SourceDate "2010.03.06"]

1. e4 c5 2. Nf3 d6 3. Bb5+ Nd7 4. O-O Ngf6 5. Re1 a6 6. Bf1 e5 7. c3 Be7 8. d4
O-O 9. a4 b6 10. Na3 Bb7 11. Bd3 Re8 12. Nc2 Qc7 13. Bg5 c4 14. Bf1 Nxe4 15.
Bxe7 Rxe7 16. Na3 d5 17. dxe5 Nxe5 18. Nxe5 Rxe5 19. Nc2 Rae8 20. Nd4 Nxf2 21.
Rxe5 Qxe5 0-1

[Event "EU-ch (Men) 11th"]
[Site "Rijeka"]
[Date "2010.03.08"]
[Round "3.147"]
[White "Bartel, Mateusz"]
[Black "Monjac, Mislav"]
[Result "1-0"]
[WhiteElo "2634"]
[BlackElo "1882"]
[PlyCount "51"]
[EventDate "2010.03.06"]
[EventType "swiss"]
[EventRounds "11"]
[EventCountry "CRO"]
[SourceDate "2010.03.06"]

1. e4 e5 2. Nc3 Nc6 3. g3 Nf6 4. Bg2 g6 5. Nge2 Bg7 6. d3 d6 7. O-O O-O 8. f4
exf4 9. gxf4 Nh5 10. d4 f5 11. e5 dxe5 12. dxe5 Qxd1 13. Rxd1 Nb4 14. Bd2 Be6
15. Nd4 Bf7 16. Nce2 c5 17. Bxb4 cxb4 18. Bxb7 Rab8 19. Bf3 Rfe8 20. Bxh5 gxh5
21. Nxf5 Bf8 22. Nd6 Bxd6 23. Rxd6 Bg6 24. Nd4 Rf8 25. Rf1 Rbc8 26. f5 1-0

[Event "EU-ch (Men) 11th"]
[Site "Rijeka"]
[Date "2010.03.08"]
[Round "3.149"]
[White "Ortega, Lexy"]
[Black "Platzgummer, Fabian"]
[Result "0-1"]
[WhiteElo "2479"]
[BlackElo "2383"]
[PlyCount "108"]
[EventDate "2010.03.06"]
[EventType "swiss"]
[EventRounds "11"]
[EventCountry "CRO"]
[SourceDate "2010.03.06"]

1. Nf3 d5 2. e3 Nf6 3. c4 c6 4. Nc3 e6 5. d4 Nbd7 6. Bd3 dxc4 7. Bxc4 b5 8. Bd3
Bb7 9. O-O a6 10. e4 c5 11. d5 c4 12. dxe6 fxe6 13. Bc2 Qc7 14. Nd4 Kf7 15. Qf3
Bc5 16. Be3 Rad8 17. Qh3 Rhe8 18. Nf3 Bxe3 19. fxe3 h6 20. Kh1 Qb8 21. Rad1 Ba8
22. Rd4 Ne5 23. a3 Nxf3 24. gxf3 e5 25. Rdd1 Rxd1 26. Rxd1 Qb6 27. Nd5 Bxd5 28.
exd5 Qxe3 29. Rg1 Kf8 30. Qg2 g5 31. h4 Ke7 32. Bf5 Nxd5 33. Qg4 Qf4 34. hxg5
Qxg4 35. Rxg4 hxg5 36. Be4 Nf6 37. Rxg5 Nxe4 38. fxe4 Kd6 39. Kg2 Kc5 40. Rg6
Kd4 41. Rxa6 Kxe4 42. Rb6 Ke3 43. Rxb5 e4 44. a4 Kd2 45. a5 e3 46. Rd5+ Ke1 47.
a6 e2 48. a7 Rg8+ 49. Kh2 Ra8 50. Rd7 Kf2 51. Rf7+ Ke3 52. Re7+ Kd2 53. Rd7+
Kc1 54. Re7 Rxa7 0-1

[Event "EU-ch (Men) 11th"]
[Site "Rijeka"]
[Date "2010.03.08"]
[Round "3.150"]
[White "Brunello, Sabino"]
[Black "Lanzani, Mario"]
[Result "1/2-1/2"]
[WhiteElo "2476"]
[BlackElo "2371"]
[PlyCount "30"]
[EventDate "2010.03.06"]
[EventType "swiss"]
[EventRounds "11"]
[EventCountry "CRO"]
[SourceDate "2010.03.06"]

1. d4 d5 2. c4 e6 3. Nf3 c6 4. Qb3 Nf6 5. g3 Be7 6. Bg2 O-O 7. O-O b5 8. c5 a5
9. Qc2 Nbd7 10. Nbd2 Qc7 11. e4 e5 12. Re1 exd4 13. exd5 d3 14. Qxd3 Bxc5 15.
Qe2 Nxd5 1/2-1/2

[Event "EU-ch (Men) 11th"]
[Site "Rijeka"]
[Date "2010.03.08"]
[Round "3.151"]
[White "Wintzer, Joachim"]
[Black "Maiwald, Jens Uwe"]
[Result "1/2-1/2"]
[WhiteElo "2361"]
[BlackElo "2474"]
[PlyCount "82"]
[EventDate "2010.03.06"]
[EventType "swiss"]
[EventRounds "11"]
[EventCountry "CRO"]
[SourceDate "2010.03.06"]

1. c4 g6 2. g3 Bg7 3. Bg2 d6 4. Nc3 c5 5. Nf3 Nc6 6. O-O e5 7. Ne1 h5 8. Nc2 h4
9. Nd5 Nh6 10. d3 Ng4 11. h3 Nh6 12. e4 f5 13. exf5 gxf5 14. Bd2 Nf7 15. b4
cxb4 16. Rb1 Kf8 17. Ndxb4 Ne7 18. Nd5 Ng6 19. Qe2 Kg8 20. Rb3 Rb8 21. Be3 b6
22. d4 Ng5 23. Bxg5 Qxg5 24. f4 Qd8 25. dxe5 dxe5 26. fxe5 Bxe5 27. Re3 Qd6 28.
Re1 Bxg3 29. Ne7+ Kg7 30. Rd1 Qf6 31. Nxc8 Rbxc8 32. Rd7+ Kh6 33. Re6 Qg5 34.
Nd4 Rhf8 35. Qd3 Qc1+ 36. Bf1 Qf4 37. Qe2 Rce8 38. Bg2 Qc1+ 39. Bf1 Qf4 40. Bg2
Qc1+ 41. Bf1 Qf4 1/2-1/2

[Event "EU-ch (Men) 11th"]
[Site "Rijeka"]
[Date "2010.03.08"]
[Round "3.152"]
[White "Rasulov, Vugar"]
[Black "Nedochetov, Mikhail"]
[Result "1-0"]
[WhiteElo "2457"]
[BlackElo "2299"]
[PlyCount "51"]
[EventDate "2010.03.06"]
[EventType "swiss"]
[EventRounds "11"]
[EventCountry "CRO"]
[SourceDate "2010.03.06"]

1. e4 c6 2. d4 d5 3. exd5 cxd5 4. c4 Nf6 5. Nc3 g6 6. Qb3 Bg7 7. cxd5 O-O 8.
Nge2 Na6 9. Nf4 Ne8 10. Be3 Nd6 11. Be2 Nf5 12. Rd1 Nc7 13. O-O Qd6 14. Ne4 Qb6
15. Qxb6 axb6 16. a3 Rd8 17. Nc3 g5 18. Nh5 Nxd5 19. Nxd5 Rxd5 20. Bc4 Nxe3 21.
fxe3 Rf5 22. Ng3 Rxf1+ 23. Rxf1 e6 24. Ne4 h6 25. Nd6 Bf8 26. Nxf7 1-0

[Event "EU-ch (Men) 11th"]
[Site "Rijeka"]
[Date "2010.03.08"]
[Round "3.153"]
[White "Todorovic, Goran M"]
[Black "Dimitrijevic, Darko"]
[Result "1/2-1/2"]
[WhiteElo "2453"]
[BlackElo "2272"]
[PlyCount "93"]
[EventDate "2010.03.06"]
[EventType "swiss"]
[EventRounds "11"]
[EventCountry "CRO"]
[SourceDate "2010.03.06"]

1. e4 c5 2. Nf3 e6 3. d4 cxd4 4. Nxd4 Nf6 5. Nc3 Bb4 6. e5 Nd5 7. Qg4 O-O 8.
Bh6 g6 9. Bxf8 Qxf8 10. a3 Nxc3 11. axb4 Qxb4 12. Bd3 Nc6 13. O-O Nxd4 14. bxc3
Qxc3 15. Qg5 Nc6 16. Rfe1 Qc5 17. h4 Qe7 18. Qf4 h5 19. Re3 Kg7 20. Rg3 b6 21.
Be4 Bb7 22. Rd1 Rd8 23. Rdd3 Na5 24. Rg5 Bxe4 25. Qxe4 Rh8 26. Rf3 Nc6 27. Rf4
b5 28. Rg3 b4 29. Rgf3 Rf8 30. Rf6 Qc5 31. Rg3 Nxe5 32. Rf4 a5 33. Qe2 Ng4 34.
Rd3 d5 35. g3 Rc8 36. Rd2 Qc3 37. Kg2 a4 38. Rf3 Qe5 39. Qa6 Rc3 40. Re2 Qd4
41. Rxf7+ Kxf7 42. Qxe6+ Kg7 43. Qe7+ Kh6 44. Qg5+ Kg7 45. Qe7+ Kh6 46. Qg5+
Kg7 47. Qe7+ 1/2-1/2

[Event "EU-ch (Men) 11th"]
[Site "Rijeka"]
[Date "2010.03.08"]
[Round "3.154"]
[White "Nakar, Eylon"]
[Black "Boskovic, Drasko"]
[Result "0-1"]
[WhiteElo "2264"]
[BlackElo "2434"]
[PlyCount "58"]
[EventDate "2010.03.06"]
[EventType "swiss"]
[EventRounds "11"]
[EventCountry "CRO"]
[SourceDate "2010.03.06"]

1. e4 c5 2. Nf3 Nc6 3. Bb5 d6 4. Bxc6+ bxc6 5. O-O e5 6. c3 f5 7. Qa4 Qc7 8.
exf5 Be7 9. d4 e4 10. Ng5 Bxf5 11. f3 exf3 12. Rxf3 Nh6 13. Bf4 O-O 14. Nd2
cxd4 15. cxd4 Qd7 16. h3 Rae8 17. Nge4 Bxe4 18. Nxe4 Qe6 19. Qb3 Qxb3 20. axb3
Nf5 21. Rff1 d5 22. Nc3 Nxd4 23. Kh1 Nxb3 24. Rad1 a5 25. Rf3 Nc5 26. Ra1 d4
27. Na4 Nxa4 28. Rxa4 Bb4 29. Ra2 d3 0-1

[Event "EU-ch (Men) 11th"]
[Site "Rijeka"]
[Date "2010.03.08"]
[Round "3.155"]
[White "Voiteanu, Gabriel"]
[Black "Caspi, Israel"]
[Result "0-1"]
[WhiteElo "2254"]
[BlackElo "2426"]
[PlyCount "62"]
[EventDate "2010.03.06"]
[EventType "swiss"]
[EventRounds "11"]
[EventCountry "CRO"]
[SourceDate "2010.03.06"]

1. d4 f5 2. c4 Nf6 3. Nc3 g6 4. g3 Bg7 5. Bg2 O-O 6. Nf3 d6 7. O-O Nc6 8. d5
Na5 9. Qd3 e5 10. e4 c5 11. Ng5 Qe7 12. Bd2 Rb8 13. exf5 gxf5 14. Nb5 b6 15. b4
cxb4 16. Bxb4 Ne8 17. h4 h6 18. Nh3 a6 19. Na3 Nb7 20. Qe3 Qf7 21. Nc2 Nc5 22.
Qd2 Qg6 23. Kh2 Nf6 24. f4 Nce4 25. Qd3 a5 26. Ba3 Ba6 27. Bxe4 Nxe4 28. Rg1
Rfc8 29. Ne3 b5 30. fxe5 Bxe5 31. Nf4 Qf6 0-1

[Event "EU-ch (Men) 11th"]
[Site "Rijeka"]
[Date "2010.03.08"]
[Round "3.156"]
[White "Zueger, Beat"]
[Black "Mihalinec, Damir"]
[Result "1-0"]
[WhiteElo "2425"]
[BlackElo "2232"]
[PlyCount "79"]
[EventDate "2010.03.06"]
[EventType "swiss"]
[EventRounds "11"]
[EventCountry "CRO"]
[SourceDate "2010.03.06"]

1. c4 e5 2. Nc3 Nf6 3. Nf3 Nc6 4. g3 d5 5. cxd5 Nxd5 6. Bg2 Nb6 7. a3 Be7 8. b4
Be6 9. Rb1 f6 10. d3 O-O 11. O-O a5 12. b5 Nd4 13. Nd2 Qc8 14. e3 Nf5 15. Qc2
Rd8 16. Bb2 Nd6 17. Rfc1 Nf7 18. a4 Bb4 19. Ba1 Qd7 20. Bf1 Ng5 21. h4 Nf7 22.
Nb3 c6 23. d4 Rac8 24. bxc6 bxc6 25. Ne4 Bf5 26. Bd3 Bg6 27. Nbc5 Qe7 28. Na6
Nd5 29. Nec5 Bxc5 30. Bxg6 hxg6 31. Nxc5 g5 32. Rb7 Qe8 33. dxe5 gxh4 34. exf6
hxg3 35. Qg6 gxf2+ 36. Kh1 Nxf6 37. Bxf6 Qf8 38. Ne6 Rd6 39. Bxg7 Rxe6 40. Bf6+
1-0

[Event "EU-ch (Men) 11th"]
[Site "Rijeka"]
[Date "2010.03.08"]
[Round "3.157"]
[White "Bakin, Alexander"]
[Black "Malakhov, Igor"]
[Result "0-1"]
[WhiteElo "2232"]
[BlackElo "2425"]
[PlyCount "60"]
[EventDate "2010.03.06"]
[EventType "swiss"]
[EventRounds "11"]
[EventCountry "CRO"]
[SourceDate "2010.03.06"]

1. d4 Nf6 2. Nf3 g6 3. Bf4 Bg7 4. h3 c5 5. c3 cxd4 6. cxd4 Qb6 7. Nc3 Qxb2 8.
Rc1 O-O 9. e4 d5 10. exd5 Bf5 11. Bd3 Bxd3 12. Qxd3 Na6 13. O-O Rac8 14. Bd2
Qa3 15. Rb1 Nxd5 16. Rb3 Qd6 17. Rxb7 Nxc3 18. Bxc3 Nc5 19. Bb4 Nxd3 20. Bxd6
exd6 21. Rxa7 Nf4 22. Re1 Rfe8 23. Rxe8+ Rxe8 24. Rd7 Ne2+ 25. Kf1 Nxd4 26.
Nxd4 Bxd4 27. Rxd6 Bc3 28. g3 Re1+ 29. Kg2 Re2 30. Rd3 Bb4 0-1

[Event "EU-ch (Men) 11th"]
[Site "Rijeka"]
[Date "2010.03.08"]
[Round "3.158"]
[White "Astengo, Corrado"]
[Black "Pancevski, Filip"]
[Result "1-0"]
[WhiteElo "2136"]
[BlackElo "2423"]
[PlyCount "71"]
[EventDate "2010.03.06"]
[EventType "swiss"]
[EventRounds "11"]
[EventCountry "CRO"]
[SourceDate "2010.03.06"]

1. Nf3 Nf6 2. c4 g6 3. Nc3 Bg7 4. e4 O-O 5. d4 d6 6. Be2 e5 7. Be3 Ng4 8. Bg5
f6 9. Bh4 g5 10. Bg3 Nh6 11. d5 a5 12. a3 Na6 13. b4 f5 14. h3 Kh8 15. exf5
Bxf5 16. O-O Qf6 17. Rc1 axb4 18. axb4 Nxb4 19. Nb5 Na6 20. c5 Qe7 21. cxd6
cxd6 22. Qd2 Nf7 23. Qe3 Qd8 24. Nd2 Bf6 25. Bg4 Nh6 26. f3 Bd7 27. Nxd6 Bxg4
28. fxg4 Qxd6 29. Rxf6 Rxf6 30. Bxe5 Qxd5 31. Bxf6+ Kg8 32. Bxg5 Nf7 33. Ne4
Qe5 34. Bf6 Qb8 35. Bd4 h6 36. Rf1 1-0

[Event "EU-ch (Men) 11th"]
[Site "Rijeka"]
[Date "2010.03.08"]
[Round "3.159"]
[White "Welz, Peter"]
[Black "Ris, Robert"]
[Result "0-1"]
[WhiteElo "2148"]
[BlackElo "2422"]
[PlyCount "64"]
[EventDate "2010.03.06"]
[EventType "swiss"]
[EventRounds "11"]
[EventCountry "CRO"]
[SourceDate "2010.03.06"]

1. e4 e5 2. Nf3 Nc6 3. d4 exd4 4. Nxd4 Bb4+ 5. c3 Bc5 6. g3 Nf6 7. Bg2 O-O 8.
O-O Re8 9. Bg5 h6 10. Bxf6 Qxf6 11. Nxc6 bxc6 12. Qf3 Qg6 13. Nd2 Rb8 14. Rab1
d6 15. Nb3 Bg4 16. Qd3 Bb6 17. h3 Bd7 18. Rbd1 Re5 19. Kh2 Rh5 20. h4 Re8 21.
Nd4 Rhe5 22. f4 R5e7 23. Rd2 c5 24. Nf5 Bxf5 25. exf5 Qf6 26. Rf3 c4 27. Qxc4
Qxf5 28. Bh3 Qb1 29. Rf1 Re1 30. Bg2 Qc1 31. Rxe1 Qxe1 32. Rc2 Re3 0-1

[Event "EU-ch (Men) 11th"]
[Site "Rijeka"]
[Date "2010.03.08"]
[Round "3.160"]
[White "Piscopo, Pierluigi"]
[Black "Elkin, Leonid"]
[Result "1/2-1/2"]
[WhiteElo "2418"]
[BlackElo "2189"]
[PlyCount "70"]
[EventDate "2010.03.06"]
[EventType "swiss"]
[EventRounds "11"]
[EventCountry "CRO"]
[SourceDate "2010.03.06"]

1. e4 c5 2. Nf3 d6 3. c3 Nf6 4. Be2 g6 5. O-O Bg7 6. Bb5+ Nbd7 7. Re1 a6 8. Bf1
O-O 9. d4 e5 10. b4 cxd4 11. cxd4 exd4 12. Bb2 Re8 13. Qxd4 Nh5 14. Qd2 Bxb2
15. Qxb2 Qf6 16. Nc3 Ne5 17. Nxe5 Qxe5 18. Qd2 Be6 19. Rad1 Rac8 20. Re3 Red8
21. g3 Nf6 22. h3 Qh5 23. Ne2 Bc4 24. Nf4 Qe5 25. Bg2 Bb5 26. Ne2 Ba4 27. Rc1
Rxc1+ 28. Qxc1 Bc6 29. Nc3 Qd4 30. a3 Re8 31. Qe1 Nd7 32. Qe2 Ne5 33. Kh2 Nc4
34. Rd3 Qf6 35. Qf3 Qe6 1/2-1/2

[Event "EU-ch (Men) 11th"]
[Site "Rijeka"]
[Date "2010.03.08"]
[Round "3.161"]
[White "Hayes, Peter"]
[Black "Rukavina, Josip"]
[Result "1/2-1/2"]
[WhiteElo "2046"]
[BlackElo "2409"]
[PlyCount "92"]
[EventDate "2010.03.06"]
[EventType "swiss"]
[EventRounds "11"]
[EventCountry "CRO"]
[SourceDate "2010.03.06"]

1. d4 d6 2. Nf3 g6 3. c4 Bg7 4. Nc3 Nd7 5. e4 e5 6. Be2 Ngf6 7. O-O O-O 8. Be3
Re8 9. d5 Ng4 10. Bg5 f6 11. Bd2 Nh6 12. b4 Nf7 13. Qc1 a5 14. Qa3 f5 15. c5
dxc5 16. bxc5 Bf8 17. d6 cxd6 18. Bc4 Nxc5 19. Ng5 Ne6 20. Nxf7 Kxf7 21. Qb3
Kg7 22. exf5 gxf5 23. Nd5 Kh8 24. Rab1 Nc5 25. Qb6 Be6 26. Rfc1 Bxd5 27. Bxd5
f4 28. Bxb7 Qxb6 29. Rxb6 Nxb7 30. Rxb7 Rec8 31. Rcc7 Rxc7 32. Rxc7 Rb8 33. Kf1
Rb2 34. Bxa5 Rxa2 35. Bb4 Rb2 36. Ba3 Rb3 37. Rf7 Rxa3 38. Rxf8+ Kg7 39. Rd8
Ra6 40. Ke2 e4 41. g3 Ra2+ 42. Ke1 Ra1+ 43. Ke2 Ra2+ 44. Ke1 Ra1+ 45. Ke2 f3+
46. Ke3 Re1+ 1/2-1/2

[Event "EU-ch (Men) 11th"]
[Site "Rijeka"]
[Date "2010.03.08"]
[Round "3.162"]
[White "Zavgorodniy, Sergiy"]
[Black "Kadric, Denis"]
[Result "1-0"]
[WhiteElo "2409"]
[BlackElo "2171"]
[PlyCount "53"]
[EventDate "2010.03.06"]
[EventType "swiss"]
[EventRounds "11"]
[EventCountry "CRO"]
[SourceDate "2010.03.06"]

1. e4 c5 2. Nf3 d6 3. c3 Nf6 4. Bc4 Nc6 5. d3 Bg4 6. Qb3 e6 7. Qxb7 Rc8 8. Bb5
Qd7 9. Qxd7+ Nxd7 10. Bf4 Be7 11. Nbd2 O-O 12. h3 Bh5 13. g4 Bg6 14. Nc4 e5 15.
Be3 Nb6 16. Nxb6 axb6 17. Nd2 f6 18. a4 Na7 19. Bc4+ Kh8 20. Ke2 Bd8 21. Rhb1
Bc7 22. Bd5 Rb8 23. b4 Nc8 24. bxc5 dxc5 25. a5 Ne7 26. Bc4 bxa5 27. Bxc5 1-0

[Event "EU-ch (Men) 11th"]
[Site "Rijeka"]
[Date "2010.03.08"]
[Round "3.164"]
[White "Sale, Srdjan"]
[Black "Dinter, Brian"]
[Result "1-0"]
[WhiteElo "2396"]
[BlackElo "2124"]
[PlyCount "69"]
[EventDate "2010.03.06"]
[EventType "swiss"]
[EventRounds "11"]
[EventCountry "CRO"]
[SourceDate "2010.03.06"]

1. c4 c6 2. e4 g6 3. d4 d5 4. exd5 cxd5 5. cxd5 Nf6 6. Nc3 Bg7 7. Bc4 O-O 8.
Nge2 Nbd7 9. Nf4 Nb6 10. Bb3 h6 11. O-O Bf5 12. Re1 Kh8 13. Qf3 Qd6 14. h3 g5
15. Nh5 Bg6 16. Nxg7 Kxg7 17. Re5 Rad8 18. h4 Nfd7 19. Re2 Rh8 20. Bd2 Qf6 21.
Qe3 gxh4 22. Qxe7 Rhe8 23. Qxf6+ Nxf6 24. Rxe8 Rxe8 25. Bf4 Bd3 26. Be5 Kg6 27.
Rd1 Bf5 28. Nb5 Nfxd5 29. Nd6 Re7 30. Nxf5 Kxf5 31. Rc1 f6 32. Bb8 a6 33. Rc5
Ke4 34. Ba7 Kxd4 35. Rxd5+ 1-0

[Event "EU-ch (Men) 11th"]
[Site "Rijeka"]
[Date "2010.03.08"]
[Round "3.165"]
[White "Levine, Yonatan"]
[Black "Loncar, Robert"]
[Result "0-1"]
[WhiteElo "2100"]
[BlackElo "2424"]
[PlyCount "94"]
[EventDate "2010.03.06"]
[EventType "swiss"]
[EventRounds "11"]
[EventCountry "CRO"]
[SourceDate "2010.03.06"]

1. e4 e5 2. Nc3 Nf6 3. g3 d6 4. Bg2 g6 5. Nge2 Bg7 6. h3 O-O 7. d4 exd4 8. Nxd4
Nbd7 9. O-O Re8 10. Nb3 Nb6 11. a4 a5 12. Re1 Bd7 13. f4 Bc6 14. Nd4 Bd7 15.
Nf3 Bc6 16. Nd4 Nfd7 17. Nxc6 bxc6 18. e5 d5 19. g4 g5 20. Ne2 gxf4 21. Nd4
Nxe5 22. Bxf4 Ng6 23. Rxe8+ Qxe8 24. Bg3 Nc4 25. Nf5 Bxb2 26. Rb1 Be5 27. Nh6+
Kf8 28. Bf2 Bf4 29. Nf5 Ne3 30. Qd4 Nxf5 31. gxf5 Be5 32. Qg4 Ne7 33. Re1 f6
34. Bc5 Qf7 35. c4 Rd8 36. Qh4 Ke8 37. Bf3 Nxf5 38. Qh5 Qg6+ 39. Bg4 Nd6 40.
Rxe5+ fxe5 41. Qxe5+ Kf7 42. cxd5 h5 43. Qxh5 Qxh5 44. Bxh5+ Ke7 45. dxc6 Rb8
46. Kg2 Rb2+ 47. Kg3 Rc2 0-1

[Event "EU-ch (Men) 11th"]
[Site "Rijeka"]
[Date "2010.03.08"]
[Round "3.166"]
[White "Mihok, Oliver"]
[Black "Lazic, Dusko"]
[Result "1-0"]
[WhiteElo "2403"]
[BlackElo "2050"]
[PlyCount "57"]
[EventDate "2010.03.06"]
[EventType "swiss"]
[EventRounds "11"]
[EventCountry "CRO"]
[SourceDate "2010.03.06"]

1. e4 c5 2. Nf3 Nc6 3. Nc3 d6 4. d4 cxd4 5. Nxd4 Nf6 6. Bg5 e6 7. Qd2 a6 8.
O-O-O Be7 9. f3 Nxd4 10. Qxd4 b5 11. h4 Qc7 12. Kb1 Bb7 13. Qd2 Rd8 14. Bd3 b4
15. Ne2 d5 16. e5 Ng8 17. Nd4 Qb6 18. Bxe7 Nxe7 19. h5 Bc6 20. Rh4 Kd7 21. h6
g6 22. Rf4 Rhf8 23. Rc1 a5 24. c3 bxc3 25. Qxc3 Qb4 26. Nxe6 Qxc3 27. Nxf8+
Rxf8 28. Rxc3 Ng8 29. e6+ 1-0

[Event "EU-ch (Men) 11th"]
[Site "Rijeka"]
[Date "2010.03.08"]
[Round "3.167"]
[White "Jacobsen, Bo"]
[Black "Durandeau, Jean Marie"]
[Result "1-0"]
[WhiteElo "2375"]
[BlackElo "2040"]
[PlyCount "60"]
[EventDate "2010.03.06"]
[EventType "swiss"]
[EventRounds "11"]
[EventCountry "CRO"]
[SourceDate "2010.03.06"]

1. c4 f5 2. Nf3 Nf6 3. Nc3 g6 4. d3 Bg7 5. e4 d6 6. Be2 O-O 7. O-O e5 8. exf5
gxf5 9. d4 e4 10. Ng5 c6 11. d5 h6 12. Nh3 c5 13. Nf4 Nh7 14. Be3 Re8 15. Qd2
Ng5 16. Bh5 Re7 17. h4 Nf7 18. Ng6 Re8 19. f3 f4 20. Nxf4 exf3 21. Rxf3 Ne5 22.
Bxe8 Nxf3+ 23. gxf3 Qxe8 24. Kf2 Bf5 25. Rg1 Kh7 26. Nb5 Qe7 27. Ne6 Qxh4+ 28.
Rg3 Bxe6 29. Qd3+ Kh8 30. dxe6 Nc6 1-0